LEADER 00817nam0-22002891i-450- 001 990004256170403321 005 19990530 035 $a000425617 035 $aFED01000425617 035 $a(Aleph)000425617FED01 035 $a000425617 100 $a19990530d1960----km-y0itay50------ba 101 0 $agrc???????? controllare 105 $ay-------001yy 200 1 $a<>Persae$aof Aeschylus$ged. by H.D. Brodhead 210 $aCambridge$cUniversity Press$d1960 215 $aLXXIII, 350 p. 700 1$aAeschylus$f$0153340 702 1$aBrodhead,$bH.D. 801 0$aIT$bUNINA$gRICA$2UNIMARC 901 $aBK 912 $a990004256170403321 952 $aC. G. AESCHY PER$b1314$fFLFBC 959 $aFLFBC 996 $aOf Aeschylus$9480655 996 $aTragoediae$918700 997 $aUNINA LEADER 01235nam0 22003011i 450 001 UON00099797 005 20231205102547.995 100 $a20020107d1988 |0itac50 ba 101 $alat 102 $aIT 105 $a|||| 1|||| 200 1 $aRemedia Amoris$fPublio Ovidio Nasone$ga cura di Paola Pinotti 210 $aBologna$cPatron$d1988 215 $a360 p.$d22 cm 410 1$1001UON00087413$12001 $aEdizioni e saggi universitari di filologia classica$fcollana diretta da G. Calboli, A. Ghiselli, I. Mariotti, E. Pasoli, A. Traina$v39 606 $aLETTERATURA LATINA$3UONC026272$2FI 620 $aIT$dBologna$3UONL000085 676 $a870$cLetteratura latina$v21 700 1$aOVIDIUS NASO$bPublius$3UONV055776$0154954 702 1$aPINOTTI$bPaola$3UONV064788 712 $aPàtron$3UONV265630$4650 790 1$aOVIDIO NASONE, Publio$zOVIDIUS NASO, Publius$3UONV055778 801 $aIT$bSOL$c20240220$gRICA 899 $aSIBA - SISTEMA BIBLIOTECARIO DI ATENEO$2UONSI 912 $aUON00099797 950 $aSIBA - SISTEMA BIBLIOTECARIO DI ATENEO$dSI T 2 OVID 5900 $eSI MC 13388 5 996 $aRemedia amoris$919241 997 $aUNIOR LEADER 02232nam0 2200517 i 450 001 VAN00123547 005 20240806100813.830 017 70$2N$a9783319579146 100 $a20190924d2017 |0itac50 ba 101 $aeng 102 $aCH 105 $a|||| ||||| 200 1 $aGoldbach?s Problem$eselected topics$fMichael Th. Rassias$gforeword by Jörg Brüdern and Preda Mih?ilescu 210 $aCham$cSpringer$d2017 215 $axv, 122 p.$d24 cm 500 1$3VAN00235635$aGoldbach?s Problem$91561727 606 $a01Axx$xHistory of mathematics and mathematicians [MSC 2020]$3VANC019751$2MF 606 $a11-XX$xNumber theory [MSC 2020]$3VANC019688$2MF 606 $a26-XX$xReal functions [MSC 2020]$3VANC019778$2MF 606 $a26D15$xInequalities for sums, series and integrals [MSC 2020]$3VANC019776$2MF 606 $a40-XX$xSequences, series, summability [MSC 2020]$3VANC020786$2MF 606 $a41-XX$xApproximations and expansions [MSC 2020]$3VANC022010$2MF 610 $aBGC$9KW:K 610 $aBinary Goldbach Conjecture$9KW:K 610 $aGoldbach?s conjecture$9KW:K 610 $aHardy-Littlewood circle method$9KW:K 610 $aPrime number theorem$9KW:K 610 $aSchnirelmann's theorem$9KW:K 610 $aTGC$9KW:K 610 $aTernary Goldbach Conjecture$9KW:K 610 $aThe Circle Method$9KW:K 610 $aVaughan?s proof$9KW:K 610 $aVinogradov?s theorem$9KW:K 620 $aCH$dCham$3VANL001889 700 1$aRassias$bMichael Th.$f1987- $3VANV080299$0767171 702 1$aBrüdern$bJörg$3VANV095001 702 1$aMihailescu$bPreda$3VANV087233 712 $aSpringer $3VANV108073$4650 801 $aIT$bSOL$c20241115$gRICA 856 4 $uhttp://doi.org/10.1007/978-3-319-57914-6$zE-book ? Accesso al full-text attraverso riconoscimento IP di Ateneo, proxy e/o Shibboleth 899 $aBIBLIOTECA DEL DIPARTIMENTO DI MATEMATICA E FISICA$1IT-CE0120$2VAN08 912 $fN 912 $aVAN00123547 950 $aBIBLIOTECA DEL DIPARTIMENTO DI MATEMATICA E FISICA$d08DLOAD e-book 0697 $e08eMF697 20190924 996 $aGoldbach?s Problem$91561727 997 $aUNICAMPANIA